Ohrozené druhy: príčiny, súčasný stav a ochrana
Potreba ochrany biodiverzity. Príčiny ohrozenia druhov. Vzácnosť a ohrozenosť druhov. Potreba vedeckého prístupu. Nové kategórie ohrozenosti, kvantitatívne kritériá ohrozenosti. Červené knihy a červené zoznamy. Stratégia a programy záchrany druhov. Medzinárodná spolupráca.
Salvato in:
| Autore principale: | |
|---|---|
| Natura: | Capitolo di libro |
| Lingua: | slovacco |
| Soggetti: | |
| Tags: |
Nessun Tag, puoi essere il primo ad aggiungerne!!
|
MARC
| LEADER | 00000naa a2200000 4500 | ||
|---|---|---|---|
| 001 | 0149311 | ||
| 005 | 20231128133320.5 | ||
| 041 | 0 | |a slo | |
| 044 | |a SK | ||
| 245 | 1 | 0 | |a Ohrozené druhy: príčiny, súčasný stav a ochrana |c Pavol Eliáš |
| 520 | |a Potreba ochrany biodiverzity. Príčiny ohrozenia druhov. Vzácnosť a ohrozenosť druhov. Potreba vedeckého prístupu. Nové kategórie ohrozenosti, kvantitatívne kritériá ohrozenosti. Červené knihy a červené zoznamy. Stratégia a programy záchrany druhov. Medzinárodná spolupráca. | ||
| 610 | 2 | 0 | |a diverzita biologická |
| 610 | 2 | 0 | |a ochrana prírody |
| 610 | 2 | 0 | |a ekológia krajiny |
| 610 | 2 | 0 | |a zvieratá |
| 100 | 1 | |a Eliáš, Pavol | |